El Maldito factor tiempo /
Αποθηκεύτηκε σε:
| Κύριος συγγραφέας: | |
|---|---|
| Μορφή: | Κείμενο |
| Θέματα: | |
| Ετικέτες: |
Προσθήκη ετικέτας
Δεν υπάρχουν, Καταχωρήστε ετικέτα πρώτοι!
|
MARC
| LEADER | 00000 a a2200000 04500 | ||
|---|---|---|---|
| 001 | 7460 | ||
| 003 | |||
| 040 | |||
| 100 | |a Lechner, Norbert | ||
| 245 | |a El Maldito factor tiempo / |c Norbert Lechner | ||
| 650 | |a POLITICA | ||
| 650 | |a EFICACIA | ||
| 650 | |a INNOVACION TECNOLOGICA | ||
| 773 | |g número 5; páginas 66-71 | ||
| 999 | |c 20923 |d 20923 | ||
